[Event "81st ch-UKR 2012"]
[Site "Kiev UKR"]
[Date "2012.08.01"]
[Round "6.5"]
[White "Vovk, Y."]
[Black "Miroshnichenko, E."]
[Result "1-0"]
[WhiteElo "2562"]
[BlackElo "2621"]
[PlyCount "119"]
[EventDate "2012.07.27"]
[SourceDate "1999.07.01"]

1. e4 c5 2. Nf3 d6 3. d4 Nf6 4. Nc3 cxd4 5. Nxd4 a6 6. Be2 g6 7. O-O Bg7 8. Bg5
O-O 9. Re1 Nc6 10. Nb3 b5 11. Bf1 h6 12. Bh4 Nd7 13. Qd2 Nde5 14. a4 b4 15. Nd5
g5 16. Bg3 Rb8 17. a5 Ng6 18. Ra4 h5 19. f3 g4 20. fxg4 h4 21. Bf2 Bxg4 22.
Nxb4 Nce5 23. Nd4 h3 24. gxh3 Bd7 25. Ra3 e6 26. Bxa6 Ra8 27. Be2 Rxa5 28. Rg3
Kh7 29. Nb3 Ra4 30. Qxd6 Rg8 31. c3 Bf8 32. Qd2 Bxb4 33. cxb4 Bc6 34. Nd4 Bb7
35. b3 Ra8 36. Qe3 Ra2 37. Nf3 Nxf3+ 38. Qxf3 Rg7 39. Rd1 Qh4 40. Rg4 Qh6 41.
Be3 Qh5 42. Rg5 Qxf3 43. Bxf3 Nh4 44. Bg4 Rg2+ 45. Kf1 Rxg5 46. Bxg5 Ba6+ 47.
Ke1 f5 48. exf5 exf5 49. Bxh4 fxg4 50. Rd7+ Kg8 51. hxg4 Re2+ 52. Kd1 Rxh2 53.
Bf6 Rg2 54. g5 Bb5 55. Rc7 Rg4 56. Kc2 Be8 57. Rc4 Bg6+ 58. Kb2 Rg2+ 59. Ka3
Bd3 60. b5 1-0

[Event "81st ch-UKR 2012"]
[Site "Kiev UKR"]
[Date "2012.08.05"]
[Round "9.6"]
[White "Efimenko, Z."]
[Black "Volokitin, And"]
[Result "1/2-1/2"]
[WhiteElo "2689"]
[BlackElo "2704"]
[PlyCount "126"]
[EventDate "2012.07.27"]
[SourceDate "1999.07.01"]

1. e4 c5 2. Nf3 d6 3. d4 cxd4 4. Nxd4 Nf6 5. Nc3 a6 6. Be2 e6 7. a4 Nc6 8. O-O
Be7 9. Nxc6 bxc6 10. a5 Qc7 11. Qd3 d5 12. Be3 O-O 13. Bb6 Qb8 14. Rfd1 Bb7 15.
Bf3 Rc8 16. Qe3 Qe5 17. Bc5 Bxc5 18. Qxc5 Rab8 19. b3 h6 20. h3 Qg5 21. Ra4 Nd7
22. Qe3 Qxe3 23. fxe3 Kf8 24. Rad4 Nf6 25. R4d2 Ke7 26. g4 Rc7 27. Kf2 Bc8 28.
Rd4 c5 29. Ra4 d4 30. Nb1 Bd7 31. Ra3 Bc6 32. exd4 Nxe4+ 33. Ke3 cxd4+ 34. Rxd4
Nd6 35. Be2 Bb5 36. Ra2 e5 37. Rb4 Rcc8 38. Nd2 Rc3+ 39. Bd3 f5 40. gxf5 Nxf5+
41. Kf2 Rf8 42. Ne4 Nd4+ 43. Ke1 Rcc8 44. Bxb5 axb5 45. c3 Nf3+ 46. Kd1 Rf4 47.
Re2 Rb8 48. a6 Ra8 49. Nc5 Rxb4 50. cxb4 Kd6 51. Rg2 g5 52. Rf2 Nd4 53. Rf6+
Kd5 54. Rxh6 Nc6 55. Nb7 Nxb4 56. Rd6+ Ke4 57. Nc5+ Ke3 58. Rb6 Rf8 59. Kc1
Rf1+ 60. Kb2 Rf2+ 61. Kb1 Rf1+ 62. Kb2 Rf2+ 63. Kb1 Rf1+ 1/2-1/2

[Event "2nd Polugaevsky Mem"]
[Site "Samara RUS"]
[Date "2012.07.12"]
[Round "8.9"]
[White "Kokarev, Dm"]
[Black "Fedoseev, Vl3"]
[Result "1/2-1/2"]
[WhiteElo "2616"]
[BlackElo "2506"]
[PlyCount "83"]
[EventDate "2012.07.05"]
[SourceDate "1999.07.01"]

1. e4 c5 2. Nf3 d6 3. d4 cxd4 4. Nxd4 Nf6 5. Nc3 a6 6. h3 e6 7. g4 d5 8. exd5
Nxd5 9. Nde2 Qa5 10. Bg2 Nxc3 11. Nxc3 Be7 12. O-O O-O 13. Bd2 Qc7 14. Qf3 f5
15. Rad1 fxg4 16. Qxg4 Nc6 17. Be3 Bd7 18. Qg3 Qxg3 19. fxg3 Rxf1+ 20. Kxf1 Be8
21. Ne4 Rc8 22. Bg5 Kf8 23. Kg1 Ne5 24. Rf1+ Nf7 25. c3 h6 26. Be3 b5 27. h4
Kg8 28. Bh3 Rc6 29. Bd4 b4 30. cxb4 Bxb4 31. Rd1 e5 32. Bc3 Rb6 33. b3 a5 34.
Bd7 Bxd7 35. Rxd7 Bxc3 36. Nxc3 Rc6 37. Ne4 a4 38. Kf2 axb3 39. axb3 Rb6 40.
Nc5 Nd6 41. Rd8+ Kf7 42. Rd7+ 1/2-1/2

[Event "45th Biel GM"]
[Site "Biel SUI"]
[Date "2012.07.25"]
[Round "3"]
[White "Wang Hao"]
[Black "Nakamura, Hi"]
[Result "1-0"]
[WhiteElo "2739"]
[BlackElo "2778"]
[PlyCount "93"]
[EventDate "2012.07.23"]
[SourceDate "1999.07.01"]

1. e4 c5 2. Nf3 d6 3. d4 cxd4 4. Nxd4 Nf6 5. Nc3 a6 6. Bg5 e6 7. f4 b5 8. e5
dxe5 9. fxe5 Qc7 10. exf6 Qe5+ 11. Be2 Qxg5 12. O-O Ra7 13. Qd3 Rd7 14. Ne4 Qe5
15. Nf3 Qc7 16. Qe3 Bb7 17. Nfg5 h6 18. Qh3 g6 19. Bd3 Nc6 20. Kh1 Ne5 21. Rae1
Bb4 22. Re3 Bd5 23. Be2 Nc4 24. Rd3 Qe5 25. a3 Ba5 26. Bg4 Nd6 27. Rxd5 Qxd5
28. Bxe6 fxe6 29. f7+ Kd8 30. Nxe6+ Kc8 31. f8=Q+ Rxf8 32. Rxf8+ Bd8 33. Nxd6+
Kb8 34. Rf1 Rxd6 35. Nxd8 Qc4 36. Rg1 Rxd8 37. Qg3+ Kb7 38. Qxg6 Rd2 39. Qxh6
Rxc2 40. Qg7+ Kb6 41. b4 Qd3 42. Re1 Qe3 43. Qf6+ Kc7 44. Qf1 Rf2 45. Qg1 Qf4
46. h3 Qg3 47. Qh2 1-0

[Event "45th Biel Masters Open"]
[Site "Biel SUI"]
[Date "2012.07.28"]
[Round "6"]
[White "Sengupta, D."]
[Black "Vachier Lagrave, M."]
[Result "1/2-1/2"]
[WhiteElo "2548"]
[BlackElo "2686"]
[PlyCount "182"]
[EventDate "2012.07.23"]
[SourceDate "1999.07.01"]

1. e4 c5 2. Nf3 d6 3. d4 cxd4 4. Nxd4 Nf6 5. Nc3 a6 6. Be2 e5 7. Nb3 Be7 8. O-O
O-O 9. Re1 Be6 10. Bf3 Nbd7 11. a4 Qc7 12. Nd2 Rab8 13. a5 Rfc8 14. Nf1 b5 15.
axb6 Rxb6 16. Ne3 Nc5 17. Ncd5 Nxd5 18. exd5 Bd7 19. Ra2 Rb4 20. b3 Rd4 21. Bd2
Qb8 22. g3 f5 23. c3 Rxd2 24. Qxd2 Nxb3 25. Qb2 Nc5 26. Qxb8 Rxb8 27. Be2 Bc8
28. Nc2 Bf6 29. Nb4 Rb6 30. Raa1 e4 31. Nc6 Kf7 32. Nd4 g6 33. Bc4 Bd8 34. Kg2
Kf6 35. h4 h6 36. Reb1 Rxb1 37. Rxb1 Bc7 38. Ra1 Bb7 39. Nb3 Nxb3 40. Bxb3 Ke5
41. Bc4 g5 42. h5 g4 43. Kf1 a5 44. Rb1 Bc8 45. Ke2 f4 46. gxf4+ Kxf4 47. Bb5
Ke5 48. Bc6 Ba6+ 49. Ke1 Kf4 50. Bb5 Bc8 51. Be2 a4 52. Bb5 Ba5 53. Ke2 Ke5 54.
Bxa4 g3 55. fxg3 Bxc3 56. Rc1 Bg4+ 57. Kf1 Bd2 58. Rb1 Bxh5 59. Bd1 Bf7 60. Rb5
Kd4 61. Rb6 Kc5 62. Rb2 Bg5 63. Bb3 Bxd5 64. Bxd5 Kxd5 65. Ke2 Ke5 66. Rb5+ d5
67. Ra5 h5 68. Rb5 Be7 69. Rb1 Bg5 70. Rb5 Bf6 71. Ra5 Bd8 72. Ra8 Bf6 73. Ra5
Kd4 74. Ra6 Be5 75. Rg6 Kc4 76. Rg5 Bd6 77. Rg6 Bb8 78. Rg8 Be5 79. Rg5 Bc7 80.
Rg7 Bd8 81. Rg8 Be7 82. Rc8+ Bc5 83. Re8 Bd6 84. Rc8+ Bc5 85. Re8 Bd6 86. Rc8+
Kb5 87. Rd8 Kc6 88. Rc8+ Kd7 89. Rh8 Bxg3 90. Rxh5 Ke6 91. Ke3 Be5 1/2-1/2

[Event "45th Biel Masters Open"]
[Site "Biel SUI"]
[Date "2012.07.30"]
[Round "7"]
[White "Harikrishna, P."]
[Black "Rodshtein, M."]
[Result "1-0"]
[WhiteElo "2684"]
[BlackElo "2642"]
[PlyCount "103"]
[EventDate "2012.07.23"]
[SourceDate "1999.07.01"]

1. e4 c5 2. Nf3 d6 3. d4 cxd4 4. Nxd4 Nf6 5. Nc3 a6 6. Be2 e5 7. Nb3 Be7 8. O-O
O-O 9. Re1 Be6 10. Bf3 Nbd7 11. a4 Qc7 12. Re2 Rfc8 13. a5 h6 14. h3 b5 15.
axb6 Nxb6 16. Na5 Rab8 17. Nd5 Nfxd5 18. exd5 Bd7 19. Nc6 Bxc6 20. dxc6 d5 21.
Rxa6 Qxc6 22. Bf4 f6 23. Be3 Bc5 24. Rd2 e4 25. Bxc5 Qxc5 26. Bg4 Re8 27. Ra3
Re5 28. Rc3 Qe7 29. Rd4 f5 30. Be2 f4 31. Rb3 f3 32. gxf3 exf3 33. Bf1 Re1 34.
Qxf3 Rf8 35. Qg2 Qe5 36. Rdd3 Rf6 37. Rg3 Rc6 38. Rb5 Qd4 39. c4 Nxc4 40. Rb8+
Kh7 41. Rb7 Rg6 42. Rxg6 Rxf1+ 43. Qxf1 Kxg6 44. b3 Nd6 45. Qa6 Qe5 46. Rc7 Kh7
47. Qd3+ Ne4 48. Rc2 Kg8 49. b4 Qg5+ 50. Kf1 Qf5 51. Ke2 Qg5 52. Qe3 1-0

[Event "81st ch-UKR 2012"]
[Site "Kiev UKR"]
[Date "2012.07.30"]
[Round "4.5"]
[White "Areshchenko, A."]
[Black "Korobov, A."]
[Result "1/2-1/2"]
[WhiteElo "2691"]
[BlackElo "2678"]
[PlyCount "135"]
[EventDate "2012.07.27"]
[SourceDate "1999.07.01"]

1. e4 c5 2. Nf3 d6 3. d4 cxd4 4. Nxd4 Nf6 5. Nc3 a6 6. Be2 e5 7. Nb3 Be7 8. O-O
O-O 9. Re1 Be6 10. Bf3 Nbd7 11. a4 Rc8 12. a5 Qc7 13. Be3 h6 14. Nd2 Rfe8 15.
Nf1 Nf8 16. Re2 Ng6 17. Rd2 Qd7 18. Na4 Qc6 19. Nb6 Nh4 20. Nxc8 Nxf3+ 21. Qxf3
Bxc8 22. Bb6 Nxe4 23. Re2 f5 24. Ng3 Ng5 25. Qxc6 bxc6 26. f3 g6 27. Rd1 Ne6
28. Nf1 Kf7 29. Ree1 Kf6 30. c4 Bb7 31. Ne3 h5 32. b4 f4 33. Nc2 g5 34. b5 c5
35. bxa6 Bxa6 36. Na3 Nd4 37. Rb1 g4 38. Bxc5 dxc5 39. Rb6+ Kf5 40. fxg4+ hxg4
41. Rxa6 e4 42. Nb5 e3 43. Nc7 Rd8 44. Nd5 Bh4 45. g3 Nf3+ 46. Kf1 Nxh2+ 47.
Kg2 Nf3 48. Rxe3 fxe3 49. Nxe3+ Kg5 50. Nd5 Ne5 51. gxh4+ Kxh4 52. Ne3 Rd2+ 53.
Kf1 Ra2 54. Re6 Nf3 55. Rg6 Nh2+ 56. Ke1 Rxa5 57. Nf5+ Kh3 58. Kf2 Ra2+ 59. Ke3
Nf1+ 60. Ke4 Rd2 61. Kf4 g3 62. Rh6+ Kg2 63. Rc6 Rf2+ 64. Ke5 Kg1 65. Rxc5 g2
66. Nh4 Ng3 67. Rc8 Re2+ 68. Kd5 1/2-1/2

[Event "Classical Match"]
[Site "Poznan POL"]
[Date "2012.07.26"]
[Round "3"]
[White "Jobava, Ba"]
[Black "Wojtaszek, R."]
[Result "1/2-1/2"]
[WhiteElo "2730"]
[BlackElo "2717"]
[PlyCount "122"]
[EventDate "2012.07.24"]
[SourceDate "1999.07.01"]

1. e4 c5 2. Nf3 d6 3. d4 cxd4 4. Nxd4 Nf6 5. Nc3 a6 6. Bg5 Nbd7 7. Bc4 Qb6 8.
Bb3 e6 9. f4 Be7 10. f5 Nc5 11. Be3 Qc7 12. O-O b5 13. a3 Nxb3 14. cxb3 O-O 15.
Qf3 e5 16. Nde2 Bb7 17. Rac1 Qd7 18. Rcd1 a5 19. g4 b4 20. g5 bxc3 21. gxf6
Bxf6 22. Nxc3 Rfc8 23. Rf2 Bc6 24. Rfd2 Qb7 25. Rxd6 Be7 26. R6d3 Qxb3 27. Nd5
Bxd5 28. Rxb3 Bxb3 29. Rd7 Bf8 30. Bd2 a4 31. f6 Ra6 32. fxg7 Rg6+ 33. Kf2 Bxg7
34. Qd3 Bf6 35. Bc3 Rc6 36. Qb5 Bh4+ 37. Ke3 Bg5+ 38. Kd3 Rgd6+ 39. Rxd6 Rxd6+
40. Ke2 Re6 41. Qb8+ Kg7 42. Bxe5+ f6 43. Qb7+ Kg6 44. Bg3 Bc2 45. e5 fxe5 46.
h4 Bf4 47. Qc8 Bb3 48. Qg8+ Kh6 49. Qf8+ Kg6 50. Qg8+ Kh6 51. Qg4 Bc1 52. h5
Rd6 53. Qf5 Rd2+ 54. Kf1 Rd1+ 55. Kg2 Bf4 56. Bxf4+ exf4 57. Qxf4+ Kxh5 58.
Qf5+ Kh6 59. Qf6+ Kh5 60. Qg7 h6 61. Qf6 Rd5 1/2-1/2

[Event "ACP Golden Classic"]
[Site "Amsterdam NED"]
[Date "2012.07.19"]
[Round "5"]
[White "Jobava, Ba"]
[Black "Le Quang Liem"]
[Result "0-1"]
[WhiteElo "2730"]
[BlackElo "2693"]
[PlyCount "90"]
[EventDate "2012.07.14"]
[SourceDate "1999.07.01"]

1. e4 c5 2. Nf3 d6 3. d4 cxd4 4. Nxd4 Nf6 5. Nc3 a6 6. Bg5 Nbd7 7. Bc4 e6 8. a4
Qa5 9. Qd2 Be7 10. O-O h6 11. Be3 Ne5 12. Be2 Bd7 13. Kh1 Rc8 14. f4 Nc4 15.
Bxc4 Rxc4 16. Qd3 Rc8 17. Rae1 O-O 18. Bd2 Qc7 19. e5 Nh7 20. b3 Kh8 21. Ne4
dxe5 22. fxe5 f5 23. exf6 Nxf6 24. Bf4 Qa5 25. h3 Bb4 26. Bxh6 Bxe1 27. Nxf6
Rxf6 28. Rxf6 gxf6 29. Qg6 Rg8 30. Qxf6+ Kh7 31. Qf7+ Kxh6 32. Qxg8 Bc3 33.
Qf8+ Kg6 34. Qg8+ Kf6 35. Qf8+ Kg6 36. Qg8+ Kf6 37. Qf8+ Ke5 38. Ne2 Bd2 39. c4
Bc6 40. h4 Ke4 41. Qf3+ Ke5 42. Qf2 Bh6 43. Qd4+ Kf5 44. Kh2 Qe5+ 45. Ng3+ Kf6
0-1

[Event "Turkish Bank Chess League 2012"]
[Site "Konya TUR"]
[Date "2012.07.19"]
[Round "10"]
[White "Polgar, Ju"]
[Black "Esen, B."]
[Result "0-1"]
[WhiteElo "2709"]
[BlackElo "2575"]
[PlyCount "122"]
[EventDate "2012.07.11"]
[SourceDate "1999.07.01"]
[WhiteTeam "Istanbul ISEK Aquamatch"]
[BlackTeam "Antalya Calli"]

1. e4 c5 2. Nf3 d6 3. d4 cxd4 4. Nxd4 Nf6 5. Nc3 a6 6. Be3 e5 7. Nb3 Be6 8. f3
h5 9. Qd2 Nbd7 10. O-O-O Qc7 11. Kb1 Be7 12. g3 Rc8 13. Nd5 Nxd5 14. exd5 Bf5
15. Bd3 Bxd3 16. Qxd3 Qc4 17. Qxc4 Rxc4 18. Na5 Rc7 19. Rhe1 f5 20. Rd3 h4 21.
Rb3 hxg3 22. hxg3 b5 23. a4 bxa4 24. Ra3 Rh3 25. Bf2 Rh2 26. Rf1 Nf6 27. c4 e4
28. Bb6 Rd7 29. Rxa4 exf3 30. Rxf3 Ne4 31. Ka2 Bf6 32. Rb4 Re7 33. Ka3 Nd2 34.
Rf2 Rxf2 35. Bxf2 Re2 36. Ba7 Nb1+ 37. Ka2 Nc3+ 38. Ka3 Nb1+ 39. Ka2 Nc3+ 40.
Ka3 Nd1 41. Rb8+ Kf7 42. Rb7+ Kg8 43. Nc6 Nxb2 44. Kb3 Nd3 45. Rb8+ Kh7 46. Ka3
Re4 47. Rb3 Nc1 48. Rf3 Rxc4 49. Rxf5 Nd3 50. Bb8 Nc5 51. Rf4 Rc3+ 52. Ka2 Rc2+
53. Ka3 Rc3+ 54. Ka2 Rc1 55. Rxf6 gxf6 56. Bxd6 Ne4 57. Bb4 Rd1 58. Ne7 Kg7 59.
d6 Kf7 60. Nf5 Ke6 61. g4 Nxd6 0-1

[Event "Turkish Bank Chess League 2012"]
[Site "Konya TUR"]
[Date "2012.07.20"]
[Round "11"]
[White "Kobalia, M."]
[Black "Inarkiev, E."]
[Result "1/2-1/2"]
[WhiteElo "2677"]
[BlackElo "2707"]
[PlyCount "53"]
[EventDate "2012.07.11"]
[SourceDate "1999.07.01"]
[WhiteTeam "Ceyhan Belediye"]
[BlackTeam "Istanbul Teknik Uni"]

1. e4 c5 2. Nf3 d6 3. d4 cxd4 4. Nxd4 Nf6 5. Nc3 a6 6. Be3 e6 7. Nb1 Ng8 8. Nc3
Nf6 9. g4 h6 10. h4 e5 11. Nf5 Nc6 12. Bc4 Be6 13. Bb3 h5 14. gxh5 Bxf5 15.
exf5 Qd7 16. h6 Qxf5 17. hxg7 Bxg7 18. Qe2 Na5 19. O-O-O Nxb3+ 20. axb3 O-O-O
21. Qc4+ Kb8 22. Qxf7 Rd7 23. Qc4 d5 24. Qc5 Rc8 25. Qa7+ Kc7 26. Qb6+ Kb8 27.
Qa7+ 1/2-1/2

[Event "FIDE WGP Jermuk 2012"]
[Site "Jermuk ARM"]
[Date "2012.07.19"]
[Round "3"]
[White "Hou Yifan"]
[Black "Ju Wenjun"]
[Result "1/2-1/2"]
[WhiteElo "2617"]
[BlackElo "2518"]
[PlyCount "83"]
[EventDate "2012.07.16"]
[SourceDate "1999.07.01"]

1. e4 c5 2. Nf3 d6 3. d4 cxd4 4. Nxd4 Nf6 5. Nc3 a6 6. h3 e5 7. Nde2 h5 8. Bg5
Be6 9. Bxf6 Qxf6 10. Nd5 Qd8 11. Nec3 g6 12. Bc4 Bh6 13. O-O O-O 14. a4 Nc6 15.
Qd3 Rc8 16. Ba2 Kh8 17. Rad1 Qa5 18. Ne2 Bxd5 19. Qxd5 Qxa4 20. Bb3 Qb4 21.
Qxd6 Qxe4 22. Nc3 Qf5 23. Qd7 Na5 24. Ba2 Kg7 25. Rfe1 Qxd7 26. Rxd7 Rcd8 27.
Rxd8 Rxd8 28. Rxe5 Nc6 29. Rd5 Bc1 30. Na4 Rxd5 31. Bxd5 b5 32. Bxc6 bxa4 33.
Bxa4 Bxb2 34. Kf1 Kf6 35. Ke2 Bd4 36. h4 Ke7 37. g3 a5 38. Bb3 Bc5 39. Ba4 Bd4
40. Bb3 Bc5 41. Ba4 Bd4 42. Bb3 1/2-1/2

[Event "XXI TCh-MKD 2012"]
[Site "Struga MKD"]
[Date "2012.07.21"]
[Round "6.2"]
[White "Volokitin, And"]
[Black "Damljanovic, B."]
[Result "1-0"]
[WhiteElo "2704"]
[BlackElo "2564"]
[PlyCount "73"]
[EventDate "2012.07.16"]
[SourceDate "1999.07.01"]
[WhiteTeam "ALKALOID, Skopje"]
[BlackTeam "BM KISELA VODA, Skopje"]

1. e4 c5 2. Nf3 d6 3. d4 cxd4 4. Nxd4 Nf6 5. Nc3 a6 6. Be3 e5 7. Nb3 Be6 8. h3
Nbd7 9. g4 Rc8 10. Qd2 Be7 11. O-O-O b5 12. f4 O-O 13. f5 b4 14. Nd5 Nxe4 15.
Nxe7+ Qxe7 16. Qxb4 Bxb3 17. axb3 Ndc5 18. Kb1 Ng3 19. Rg1 Nxf1 20. Rgxf1 Qc7
21. Rd5 Qc6 22. Qd2 f6 23. Rxd6 Ne4 24. Qd5+ Qxd5 25. Rxd5 Rc6 26. Rfd1 h5 27.
c4 Rb8 28. Kc2 Rb7 29. Rd8+ Kh7 30. Re8 Nd6 31. Re6 Nxc4 32. bxc4 Rxc4+ 33. Kb1
Rb3 34. Re8 Rxe3 35. g5 fxg5 36. Rdd8 g6 37. Rd7+ 1-0

[Event "World Blitz Final"]
[Site "Astana KAZ"]
[Date "2012.07.10"]
[Round "17"]
[White "Grischuk, A."]
[Black "Le Quang Liem"]
[Result "0-1"]
[WhiteElo "2763"]
[BlackElo "2693"]
[PlyCount "120"]
[EventDate "2012.07.01"]
[SourceDate "1999.07.01"]

1. e4 c5 2. Nf3 d6 3. d4 cxd4 4. Nxd4 Nf6 5. Nc3 a6 6. f3 e5 7. Nb3 Be6 8. Be3
h5 9. Qd2 Nbd7 10. O-O-O b5 11. Kb1 Be7 12. g3 Qc7 13. Nd5 Bxd5 14. exd5 Nb6
15. Bxb6 Qxb6 16. Na5 Rc8 17. Nc6 Nxd5 18. Nxe7 Nxe7 19. Qxd6 Qxd6 20. Rxd6 h4
21. g4 Nc6 22. Bd3 Ke7 23. Rd5 Rhd8 24. Rxd8 Rxd8 25. Re1 Kf6 26. a3 Nd4 27.
Kc1 g6 28. Re3 Ne6 29. Kd2 Rd5 30. Kc3 Kg5 31. Be4 Rd4 32. Bb7 Kf4 33. Re1 Nc5
34. Ba8 Rd8 35. Bc6 Rd6 36. Ba8 Rd4 37. b3 f5 38. gxf5 gxf5 39. Rg1 Rd8 40. Bc6
Ne6 41. Bb7 Nc5 42. Bc6 Rc8 43. Bd5 Ne6+ 44. Kb4 Nd4 45. c4 bxc4 46. bxc4 Nxf3
47. Rg7 e4 48. c5 e3 49. Bc4 Nd2 50. Bxa6 Rb8+ 51. Kc3 Ne4+ 52. Kc2 Nxc5 53.
Bc4 Ne4 54. Rg1 Rc8 55. Kd3 Nf2+ 56. Kd4 Rd8+ 57. Kc5 Kf3 58. a4 e2 59. Re1
Nd3+ 60. Bxd3 Rxd3 0-1

[Event "World Blitz Final"]
[Site "Astana KAZ"]
[Date "2012.07.10"]
[Round "18"]
[White "Bologan, V."]
[Black "Gelfand, B."]
[Result "1-0"]
[WhiteElo "2732"]
[BlackElo "2738"]
[PlyCount "149"]
[EventDate "2012.07.01"]
[SourceDate "1999.07.01"]

1. e4 c5 2. Nf3 d6 3. d4 cxd4 4. Nxd4 Nf6 5. Nc3 a6 6. Be3 e5 7. Nf3 Qc7 8. a4
Be7 9. Be2 O-O 10. a5 Nc6 11. Bb6 Qb8 12. Nd5 Nxe4 13. Bc7 Qa7 14. O-O Bd8 15.
Bd3 Nf6 16. Bb6 Qb8 17. Bxd8 Nxd5 18. Bh4 Nf4 19. Be4 Qc7 20. Bg3 Ng6 21. Qd2
f5 22. Bd5+ Kh8 23. h3 f4 24. Bh2 Nge7 25. Rfd1 Nxd5 26. Qxd5 Rf6 27. Ng5 Bf5
28. Rd2 h6 29. Ne4 Bxe4 30. Qxe4 Nxa5 31. f3 Nc4 32. Rd3 Qc6 33. Qxc6 bxc6 34.
b3 Ne3 35. Ra2 c5 36. c4 Nf5 37. Kf1 Nd4 38. Bg1 a5 39. Ra3 Rf7 40. Rd2 Rb7 41.
Bxd4 cxd4 42. Rda2 Rab8 43. Rxa5 Rxb3 44. Ra6 R3b6 45. Ke2 Rxa6 46. Rxa6 Rb2+
47. Kd3 Rxg2 48. Rxd6 Rf2 49. Ke4 Re2+ 50. Kf5 Kh7 51. c5 Re3 52. c6 Rxf3 53.
Kxe5 Rc3 54. Kxd4 Rc1 55. Ke4 Rc4+ 56. Kd5 Rc1 57. Ke4 Rc4+ 58. Kf3 g5 59. Kg4
Kg7 60. h4 f3+ 61. Kxf3 Rxh4 62. c7 Rc4 63. Rd7+ Kg6 64. Ke3 g4 65. Kd3 Rc1 66.
Kd2 Rc6 67. Ke3 Kg5 68. Kd4 Rc1 69. Rd5+ Kh4 70. Rc5 Rd1+ 71. Kc4 Rc1+ 72. Kd5
Rxc5+ 73. Kxc5 h5 74. c8=Q Kh3 75. Kd4 1-0

[Event "World Blitz Final"]
[Site "Astana KAZ"]
[Date "2012.07.10"]
[Round "19"]
[White "Kotsur, P."]
[Black "Le Quang Liem"]
[Result "0-1"]
[WhiteElo "2548"]
[BlackElo "2693"]
[PlyCount "68"]
[EventDate "2012.07.01"]
[SourceDate "1999.07.01"]

1. e4 c5 2. Nf3 d6 3. d4 cxd4 4. Nxd4 Nf6 5. Nc3 a6 6. Be2 e6 7. O-O Be7 8. f4
O-O 9. Kh1 Qc7 10. Qe1 b5 11. Bf3 Bb7 12. e5 Ne8 13. Qg3 Nd7 14. Bxb7 Qxb7 15.
Nf3 b4 16. Nd1 Rc8 17. Ne3 dxe5 18. fxe5 f5 19. exf6 Nexf6 20. Qh3 e5 21. Bd2
Kh8 22. Rae1 Ne4 23. Bc1 Bf6 24. Ng4 Rxc2 25. Rd1 Nec5 26. Nfxe5 Nxe5 27. Nxe5
Re8 28. Ng4 Ne4 29. Qh5 Qb5 30. Rf5 Qc6 31. Ne3 Rxc1 32. Rxc1 Qxc1+ 33. Rf1
Nf2+ 34. Kg1 Qxe3 0-1

[Event "World Blitz Final"]
[Site "Astana KAZ"]
[Date "2012.07.10"]
[Round "20"]
[White "Topalov, V."]
[Black "Gelfand, B."]
[Result "1-0"]
[WhiteElo "2752"]
[BlackElo "2738"]
[PlyCount "58"]
[EventDate "2012.07.01"]
[SourceDate "1999.07.01"]

1. e4 c5 2. Nf3 d6 3. d4 cxd4 4. Nxd4 Nf6 5. Nc3 a6 6. h3 e6 7. g4 Be7 8. g5
Nfd7 9. h4 Nc6 10. Be3 O-O 11. Be2 Nxd4 12. Qxd4 b5 13. O-O-O Qa5 14. a3 Ne5
15. Qb6 Qxb6 16. Bxb6 Ng6 17. Bc7 Nxh4 18. Bxd6 Ng6 19. Bxe7 Nxe7 20. Rh2 Ra7
21. Rdh1 h6 22. gxh6 g6 23. e5 Bb7 24. Rd1 Ba8 25. Rd6 Nf5 26. Rb6 Rc8 27. Bd3
Nd4 28. f4 Bc6 29. Be4 Be8 1-0

[Event "World Blitz Final"]
[Site "Astana KAZ"]
[Date "2012.07.10"]
[Round "27"]
[White "Bologan, V."]
[Black "Topalov, V."]
[Result "1-0"]
[WhiteElo "2732"]
[BlackElo "2752"]
[PlyCount "83"]
[EventDate "2012.07.01"]
[SourceDate "1999.07.01"]

1. e4 c5 2. Nf3 d6 3. d4 cxd4 4. Nxd4 Nf6 5. Nc3 a6 6. Be3 e5 7. Nf3 Qc7 8. a4
h6 9. Be2 Be6 10. a5 Nbd7 11. O-O Qc6 12. Nd2 Be7 13. f4 exf4 14. Bxf4 Rc8 15.
Qe1 b5 16. Bd3 Ne5 17. Nf3 O-O 18. Kh1 Nxf3 19. gxf3 Kh8 20. Qd2 Nh7 21. Rg1
Qc5 22. Be3 Qh5 23. Qg2 Bf6 24. f4 Rg8 25. Rae1 b4 26. Nd1 Bc4 27. Bxc4 Rxc4
28. b3 Rc7 29. Bb6 Rcc8 30. Ne3 Bc3 31. Rd1 Nf6 32. Rxd6 Qh4 33. Qf3 Qh5 34.
Qxh5 Nxh5 35. Nd5 Bd2 36. Ne7 Rxc2 37. Nxg8 Bxf4 38. Rgd1 Bxh2 39. R6d2 Rxd2
40. Rxd2 Ng3+ 41. Kg2 Nxe4 42. Rd8 1-0

[Event "Turkish Bank Chess League 2012"]
[Site "Konya TUR"]
[Date "2012.07.11"]
[Round "1"]
[White "Savchenko, B."]
[Black "Yilmaz, M."]
[Result "0-1"]
[WhiteElo "2550"]
[BlackElo "2543"]
[PlyCount "90"]
[EventDate "2012.07.11"]
[SourceDate "1999.07.01"]
[WhiteTeam "Manisa T.S Alyans"]
[BlackTeam "Istanbul Teknik Uni"]

1. e4 c5 2. Nf3 d6 3. Nc3 a6 4. d4 cxd4 5. Nxd4 Nf6 6. Be3 e5 7. Nb3 Be7 8. Qe2
O-O 9. O-O-O b5 10. a3 Qc7 11. Kb1 Bb7 12. f3 Nbd7 13. Rd2 Nc5 14. Nc1 Na4 15.
Nxa4 bxa4 16. Qd1 Rfb8 17. Na2 d5 18. exd5 Bxd5 19. c4 Bc6 20. c5 Rb3 21. Bd3
e4 22. fxe4 Nxe4 23. Rc2 Rd8 24. Nc1 Bb5 25. Qf3 Bc6 26. Qd1 Bb5 27. Qf3 Bxd3
28. Nxd3 Rdxd3 29. Qxe4 Rxe3 30. Qxa4 Bf6 31. Ka2 Qb8 32. Rb1 Qb5 33. Qxb5 Rxb5
34. b4 Rb8 35. Rb3 Re1 36. Rb1 Re4 37. Rd1 a5 38. bxa5 Ra4 39. c6 Be7 40. Rb2
Rxa3+ 41. Kb1 Rxb2+ 42. Kxb2 Rxa5 43. c7 Ra8 44. Kb3 Rc8 45. Rd7 Kf8 0-1

[Event "Turkish Bank Chess League 2012"]
[Site "Konya TUR"]
[Date "2012.07.14"]
[Round "4"]
[White "Safarli, E."]
[Black "Inarkiev, E."]
[Result "1/2-1/2"]
[WhiteElo "2623"]
[BlackElo "2707"]
[PlyCount "70"]
[EventDate "2012.07.11"]
[SourceDate "1999.07.01"]
[WhiteTeam "Antalya Calli"]
[BlackTeam "Istanbul Teknik Uni"]

1. e4 c5 2. Nf3 d6 3. d4 cxd4 4. Nxd4 Nf6 5. Nc3 a6 6. Be3 e6 7. g4 h6 8. Bg2
g5 9. Qe2 Nbd7 10. O-O-O Ne5 11. h3 Nfd7 12. f4 gxf4 13. Bxf4 b5 14. h4 Bb7 15.
g5 Qa5 16. Kb1 b4 17. Nd5 exd5 18. exd5 hxg5 19. Bxg5 Bxd5 20. Nb3 Bxb3 21.
cxb3 Rc8 22. Rd5 Rc5 23. Rxc5 Nxc5 24. Bc6+ Ncd7 25. Qe4 Bg7 26. h5 Qb6 27. Rc1
f6 28. Be3 Qd8 29. Qf5 Qe7 30. Bd5 Nc5 31. Bxc5 dxc5 32. Qc8+ Qd8 33. Qe6+ Qe7
34. Qc8+ Qd8 35. Qe6+ Qe7 1/2-1/2

[Event "Turkish Bank Chess League 2012"]
[Site "Konya TUR"]
[Date "2012.07.14"]
[Round "4"]
[White "Bologan, V."]
[Black "Esen, B."]
[Result "1-0"]
[WhiteElo "2732"]
[BlackElo "2575"]
[PlyCount "121"]
[EventDate "2012.07.11"]
[SourceDate "1999.07.01"]
[WhiteTeam "Istanbul Teknik Uni"]
[BlackTeam "Antalya Calli"]

1. e4 c5 2. Nf3 d6 3. d4 cxd4 4. Nxd4 Nf6 5. Nc3 a6 6. Be3 e5 7. Nb3 Be6 8. f3
h5 9. Qd2 Nbd7 10. Nd5 Bxd5 11. exd5 g6 12. Be2 Bg7 13. Na5 Qc7 14. c4 b6 15.
Nc6 Nb8 16. Nb4 Nbd7 17. O-O O-O 18. Rac1 Nc5 19. Nc2 a5 20. Na3 Nh7 21. Nb5
Qe7 22. b3 f5 23. Bd1 Bf6 24. Bc2 Rad8 25. Rce1 Ng5 26. a3 Nf7 27. b4 axb4 28.
axb4 Nd7 29. Na7 Ra8 30. Nc6 Qe8 31. g4 Ra2 32. gxf5 g5 33. Qd1 Kh7 34. Bb1 Ra8
35. Kh1 Rg8 36. Rg1 Rg7 37. Rg2 Qc8 38. h4 gxh4 39. Rg6 Qa6 40. Reg1 Kh8 41. f4
Rh7 42. Qe2 h3 43. fxe5 dxe5 44. Bc1 Re8 45. Bb2 Qc8 46. Qe3 Qc7 47. Be4 Qd6
48. Bc1 Qf8 49. Qxh3 Nd6 50. Bd3 Ra8 51. Bb2 Nf7 52. Qg3 Re8 53. Re1 Bg7 54.
Re6 Bf6 55. Rg1 Rg7 56. Qh2 Ng5 57. Be2 Rh7 58. Rxg5 Bxg5 59. Nxe5 Rxe6 60.
Nxd7+ Kg8 61. Nxf8 1-0

[Event "Turkish Bank Chess League 2012"]
[Site "Konya TUR"]
[Date "2012.07.16"]
[Round "6"]
[White "Adams, Mi"]
[Black "Bologan, V."]
[Result "1/2-1/2"]
[WhiteElo "2723"]
[BlackElo "2732"]
[PlyCount "78"]
[EventDate "2012.07.11"]
[SourceDate "1999.07.01"]
[WhiteTeam "Istanbul ISEK Aquamatch"]
[BlackTeam "Istanbul Teknik Uni"]

1. e4 c5 2. Nf3 d6 3. d4 cxd4 4. Nxd4 Nf6 5. Nc3 a6 6. Be3 e5 7. Nf3 Nc6 8. Bc4
Be6 9. Nd5 Rc8 10. Nxf6+ Qxf6 11. Bxe6 fxe6 12. O-O Qg6 13. Nd2 Be7 14. c4 O-O
15. Rc1 Rc7 16. f3 Bg5 17. Bxg5 Qxg5 18. Rc3 a5 19. Rf2 Rfc8 20. g3 Nd4 21. Kg2
Qd8 22. f4 exf4 23. Rxf4 Nc6 24. a4 Ne5 25. Qe2 Qe8 26. b3 g5 27. Rf2 g4 28.
Qe3 Qh5 29. Rc1 Ng6 30. Rcf1 Qe5 31. Qh6 Rg7 32. h3 gxh3+ 33. Qxh3 Rf8 34.
Rxf8+ Nxf8 35. Qh4 Ng6 36. Qh3 Nf8 37. Qh4 Rf7 38. Rxf7 Kxf7 39. Nf3 Qb2+
1/2-1/2